000 00223nam a2200097Ia 4500
008 230915s9999 xx 000 0 und d
050 _aHD 31 .S24
100 _aSAGIMO,PETER O.
245 0 _aMANAGEMENT DYNAMICS
942 _cBK
999 _c76495
_d76495